000 00561nam a2200181 i 4500
001 146997
003 ES-MaACL
005 20240524062959.0
007 t|
008 070920q1970 sp ||||1| spa d
100 1 _aTurguenev, Ivan Sergueevich,
_d1818-1883
_9133416
245 1 0 _aCuentos de la vieja Rusia /
_cpor Ivan Turgueniev ; [versión J. F. Ribera].
260 _aBarcelona :
_bPetronio,
_c[1970]
300 _a192 p. ;
_c18 cm.
700 1 _aRibera, J. F.
_996773
852 _aES-MaACL
_jC-45446
_bR.76790
999 _c146997
_d146997